Kensuke's kingdom / (Record no. 5961)

MARC details
000 -LEADER
fixed length control field 01110cam a2200337 a 4500
001 - CONTROL NUMBER
control field 5961
003 - CONTROL NUMBER IDENTIFIER
control field FISKH
005 - DATE AND TIME OF LATEST TRANSACTION
control field 20250829161156.0
008 - FIXED-LENGTH DATA ELEMENTS--GENERAL INFORMATION
fixed length control field 020610s2003 nyu c 000 1 eng
010 ## - LIBRARY OF CONGRESS CONTROL NUMBER
LC control number 2002009078
020 ## - INTERNATIONAL STANDARD BOOK NUMBER
International Standard Book Number 0439382025 (alk. paper)
020 ## - INTERNATIONAL STANDARD BOOK NUMBER
International Standard Book Number 9780439591812
040 ## - CATALOGING SOURCE
Original cataloging agency DLC
Transcribing agency DLC
Modifying agency DLC
Language of cataloging eng
050 ## - LIBRARY OF CONGRESS CALL NUMBER
Classification number PZ7.M82712 K
082 ## - DEWEY DECIMAL CLASSIFICATION NUMBER
Classification number 823.914
100 1# - MAIN ENTRY--PERSONAL NAME
Personal name Morpurgo, Michael
Dates associated with a name (1943-)
245 10 - TITLE STATEMENT
Title Kensuke's kingdom /
Statement of responsibility, etc. Michael Morpurgo
250 ## - EDITION STATEMENT
Edition statement This edition first published in 2003
260 ## - PUBLICATION, DISTRIBUTION, ETC.
Place of publication, distribution, etc. New York :
Name of publisher, distributor, etc. Scholastic,
Date of publication, distribution, etc. 1999.
300 ## - PHYSICAL DESCRIPTION
Extent 164 pages :
Dimensions 20 cm.
505 ## - FORMATTED CONTENTS NOTE
Formatted contents note R<br/>
520 ## - SUMMARY, ETC.
Summary, etc. When Michael is swept off his family's yacht, he washes up on a desert island, where he struggles to survive--until he finds he is not lone.
521 8# - TARGET AUDIENCE NOTE
Target audience note 730<br/>
Source Lexile<br/>
521 8# - TARGET AUDIENCE NOTE
Target audience note R<br/>
Source Raz-Plus<br/>
650 #1 - SUBJECT ADDED ENTRY--TOPICAL TERM
Topical term or geographic name entry element Castaways
Form subdivision Fiction.
650 #1 - SUBJECT ADDED ENTRY--TOPICAL TERM
Topical term or geographic name entry element Islands
Form subdivision Fiction.
856 42 - ELECTRONIC LOCATION AND ACCESS
Materials specified Publisher description
Uniform Resource Identifier <a href="http://www.loc.gov/catdir/description/schol051/2002009078.html">http://www.loc.gov/catdir/description/schol051/2002009078.html</a>
906 ## - LOCAL DATA ELEMENT F, LDF (RLIN)
a 7
b cbc
c orignew
d 1
e ecip
f 20
g y-gencatlg
942 ## - ADDED ENTRY ELEMENTS (KOHA)
Source of classification or shelving scheme Dewey Decimal Classification
Koha item type Books
Suppress in OPAC No
Holdings
Withdrawn status Lost status Source of classification or shelving scheme Damaged status Not for loan Collection Home library Current library Shelving location Date acquired Total Checkouts Full call number Barcode Date last seen Copy number Price effective from Koha item type
    Dewey Decimal Classification     Juvenile Fiction Footprints International School Library Network Toul Tom Poung Campus Footprints International School Library Network Toul Tom Poung Campus TTP Primary Orange Bookshelves 02/13/2025   MOR 823.914 PZ7.M82712 K 2025-0526 02/13/2025 1 02/13/2025 Books
    Dewey Decimal Classification     Juvenile Fiction Footprints International School Library Network Toul Tom Poung Campus Footprints International School Library Network Toul Tom Poung Campus TTP Primary Orange Bookshelves 08/29/2025   MOR 823.914 PZ7.M82712 K FISSE01405 08/29/2025 2 08/29/2025 Books